00000000nam##2200000za#4500
0019.516774
003CaOODSP
00520200325135641
007ta
008150406|1990||||xxc|||||     f|0| 0 eng|d
022 |a0706-6457
040 |aCaOODSP|beng
041 |aeng
041 |afre
043 |an-cn---
0861 |aFs97-6/1770
1101 |aCanada. |bDepartment of Fisheries and Oceans.
24510|aProceedings of a workshop: Marine Ecosystem Studies in Hudson Strait : |bNovember 9-10, 1989, Montreal / |cEdited by J. A. Percy.
260 |aOttawa - Ontario : |bFisheries and Oceans Canada |c1990.
300 |a175p. : |bfigs., references, tables ; |c28 cm.
4901 |aCanadian technical report of fisheries and aquatic sciences|x0706-6457|v1770
500 |aPrepared in the Arctic Biological Station, Institute Maurice Lamontagne, Department Fisheries and Oceans, 555 Boul. St. Pierre, Ste-Anne-de-Bellevue, Quebec H9X 3R4.
546 |aRésumés en français.) Bilingual
563 |aSoftcover
7201 |aPercy, J. A.
792 |tCompte rendu d'un atelier: Étude de l'écosystème marin du détroit d'Hudson : |efre|w(CaOODSP)9.516775
830#0|aCanadian technical report of fisheries and aquatic sciences,|x0706-6457|v1770|w(CaOODSP)9.514690